[Event "HUN-chT1 Charousek 2324"]
[Site "Hungary"]
[Date "2024.05.12"]
[Round "11.12"]
[White "Nagy, Lajos"]
[Black "Csiszar, Viktoria"]
[Result "0-1"]
[WhiteElo "1846"]
[BlackElo "1812"]
[PlyCount "46"]
[EventDate "2023.10.08"]
[EventType "team-tourn"]
[EventRounds "11"]
[EventCountry "HUN"]
[SourceTitle "EXT 2025"]
[Source "ChessBase"]
[SourceDate "2024.10.14"]
[SourceVersion "1"]
[SourceVersionDate "2024.10.14"]
[SourceQuality "1"]
[WhiteTeam "Paks ASE II"]
[BlackTeam "Komlo Banyasz"]
[WhiteTeamCountry "HUN"]
[BlackTeamCountry "HUN"]

1. e4 d6 2. d4 Nf6 3. Nc3 Nbd7 4. Nf3 e5 5. Bc4 Be7 6. Ng5 0-0 7. Bxf7+ Rxf7 8. Ne6 Qe8 9. Nxc7 Qd8 10. Nxa8 b6 11. dxe5 Nxe4 12. Nd5 Nxe5 13. 0-0 Ba6 14. Nac7 Bxf1 15. Qxf1 Nxf2 16. Qe2 Bh4 17. Be3 Nfg4 18. Ne6 Qc8 19. Ng5 Bxg5 20. Bxg5 Qc5+ 21. Ne3 Rf2 22. Qxf2 Nxf2 23. Kxf2 Ng4+ 0-1

[Event "HUN-chT1 Charousek 2324"]
[Site "Hungary"]
[Date "2024.03.10"]
[Round "8.12"]
[White "Broderick, Tamas"]
[Black "Csiszar, Viktoria"]
[Result "1/2-1/2"]
[WhiteElo "1840"]
[BlackElo "1812"]
[PlyCount "53"]
[EventDate "2023.10.08"]
[EventType "team-tourn"]
[EventRounds "11"]
[EventCountry "HUN"]
[SourceTitle "EXT 2025"]
[Source "ChessBase"]
[SourceDate "2024.10.14"]
[SourceVersion "1"]
[SourceVersionDate "2024.10.14"]
[SourceQuality "1"]
[WhiteTeam "Budapest MTK"]
[BlackTeam "Komlo Banyasz"]
[WhiteTeamCountry "HUN"]
[BlackTeamCountry "HUN"]

1. d4 Nf6 2. Nf3 c5 3. d5 d6 4. c4 b5 5. cxb5 a6 6. bxa6 Bxa6 7. Nc3 g6 8. g3 Bg7 9. Bg2 0-0 10. 0-0 Nbd7 11. Re1 Qb6 12. Qc2 Rfb8 13. h3 Qb7 14. e4 c4 15. Nd4 Ne5 16. Nc6 Nd3 17. Re2 Re8 18. f4 Nxc1 19. Rxc1 Qb6+ 20. Kh2 Nd7 21. e5 Nc5 22. exd6 exd6 23. Rce1 Rxe2 24. Rxe2 Nd3 25. Na4 Qb5 26. Nc3 Qb6 27. Na4 1/2-1/2

[Event "HUN-chT1 Charousek 2223"]
[Site "Hungary"]
[Date "2023.01.29"]
[Round "4.11"]
[White "Szente Varga, Fruzsina"]
[Black "Csiszar, Viktoria"]
[Result "1-0"]
[WhiteElo "2071"]
[BlackElo "1803"]
[PlyCount "125"]
[EventDate "2022.11.20"]
[EventType "team-tourn"]
[EventRounds "9"]
[EventCountry "HUN"]
[SourceTitle "EXT 2025"]
[Source "ChessBase"]
[SourceDate "2024.10.14"]
[SourceVersion "1"]
[SourceVersionDate "2024.10.14"]
[SourceQuality "1"]
[WhiteTeam "Paks ASE II"]
[BlackTeam "Komlo Banyasz"]
[WhiteTeamCountry "HUN"]
[BlackTeamCountry "HUN"]

1. e4 d6 2. d4 Nf6 3. Nc3 Nbd7 4. Nf3 e5 5. Bc4 Be7 6. h3 0-0 7. Be3 c6 8. a4 exd4 9. Bxd4 d5 10. exd5 Nb6 11. Bb3 Nbxd5 12. 0-0 Bf5 13. Re1 Re8 14. Ne5 Be6 15. Qf3 Qc7 16. Nxd5 Nxd5 17. c4 Nf6 18. c5 Bxb3 19. Qxb3 Nd5 20. Nc4 Rad8 21. Be5 Qd7 22. Nd6 Bxd6 23. Bxd6 b6 24. Bg3 h6 25. Qc4 bxc5 26. Qxc5 Qb7 27. Be5 Nb4 28. Bc3 Rxe1+ 29. Rxe1 Nd5 30. Qd4 f6 31. Qc4 Qd7 32. Bd4 Kh8 33. Rc1 Rc8 34. Qc5 Nf4 35. Rc2 a6 36. Qc4 Qb7 37. Bc5 Nd5 38. Re2 a5 39. Qg4 Rd8 40. Qg6 Qd7 41. Re4 Qc7 42. g3 Qd7 43. Kh2 Rb8 44. Re2 Rd8 45. Qd3 Qc7 46. Qa6 Rb8 47. Re6 Rc8 48. Rd6 Kg8 49. Qe2 Qf7 50. Qe1 f5 51. Qxa5 f4 52. Rd8+ Rxd8 53. Qxd8+ Kh7 54. Qd6 Qf5 55. Bd4 Qe4 56. Qe5 fxg3+ 57. Kxg3 Qg6+ 58. Kh2 Nf6 59. a5 Qd3 60. Qe3 Qb5 61. Qe7 Kg6 62. Qc5 Qa6 63. Qb6 1-0

[Event "HUN-chT1 Charousek 2122"]
[Site "Hungary"]
[Date "2022.02.13"]
[Round "8.11"]
[White "Gabula, Adam"]
[Black "Csiszar, Viktoria"]
[Result "1/2-1/2"]
[WhiteElo "1848"]
[BlackElo "1905"]
[PlyCount "40"]
[EventDate "2021.10.10"]
[EventType "team-tourn"]
[EventRounds "11"]
[EventCountry "HUN"]
[SourceTitle "EXT 2025"]
[Source "ChessBase"]
[SourceDate "2024.10.14"]
[SourceVersion "1"]
[SourceVersionDate "2024.10.14"]
[SourceQuality "1"]
[WhiteTeam "Magyar Sakkvilag"]
[BlackTeam "Komlo Banyasz"]
[WhiteTeamCountry "HUN"]
[BlackTeamCountry "HUN"]

1. d4 Nf6 2. Bf4 d5 3. Nf3 c5 4. e3 Nc6 5. Nbd2 Qb6 6. dxc5 Qxc5 7. Nb3 Qb6 8. Be2 g6 9. Bg5 Bg7 10. Bxf6 Bxf6 11. Qxd5 Bxb2 12. Rd1 Bc3+ 13. Kf1 Bg7 14. h4 h5 15. Ng5 0-0 16. g4 Bxg4 17. Bxg4 hxg4 18. Qe4 Qb5+ 19. c4 Qf5 20. Ke2 Qxe4 1/2-1/2

[Event "HUN-chT2 Asztalos 2122"]
[Site "Hungary"]
[Date "2021.10.10"]
[Round "1.7"]
[White "Balint, Janos"]
[Black "Csiszar, Viktoria"]
[Result "0-1"]
[WhiteElo "1865"]
[BlackElo "1913"]
[PlyCount "46"]
[EventDate "2021.10.10"]
[EventType "team-tourn"]
[EventRounds "9"]
[EventCountry "HUN"]
[SourceTitle "EXT 2025"]
[Source "ChessBase"]
[SourceDate "2024.10.14"]
[SourceVersion "1"]
[SourceVersionDate "2024.10.14"]
[SourceQuality "1"]
[WhiteTeam "Kaposvar Bastya"]
[BlackTeam "Komlo Banyasz II"]
[WhiteTeamCountry "HUN"]
[BlackTeamCountry "HUN"]

1. e4 g6 2. Nf3 Bg7 3. d4 d5 4. e5 c5 5. c3 Nc6 6. Be3 Bg4 7. Be2 e6 8. Nbd2 Nge7 9. h3 Bxf3 10. Nxf3 Nf5 11. Qd2 0-0 12. g4 Nxe3 13. Qxe3 cxd4 14. cxd4 Qa5+ 15. Qd2 Qb6 16. 0-0 Rac8 17. Rac1 a5 18. a3 a4 19. Rc3 f6 20. Rfc1 fxe5 21. Nxe5 Bxe5 22. dxe5 Rxf2 23. Rc5 Rcf8 0-1

[Event "HUN-chT2 Charousek 1819"]
[Site "Hungary"]
[Date "2019.03.10"]
[Round "9.11"]
[White "Janosik, Mate"]
[Black "Csiszar, Viktoria"]
[Result "1/2-1/2"]
[WhiteElo "1533"]
[BlackElo "1906"]
[PlyCount "92"]
[EventDate "2018.09.23"]
[EventType "team-tourn"]
[EventRounds "11"]
[EventCountry "HUN"]
[SourceTitle "EXT 2021"]
[Source "ChessBase"]
[SourceDate "2020.10.23"]
[SourceVersion "1"]
[SourceVersionDate "2020.10.23"]
[SourceQuality "1"]
[WhiteTeam "Gyor Szechenyi"]
[BlackTeam "Komlo Banyasz"]
[WhiteTeamCountry "HUN"]
[BlackTeamCountry "HUN"]

1. e4 g6 2. d4 Bg7 3. Nc3 c5 4. dxc5 Na6 5. Bxa6 bxa6 6. Nge2 Bb7 7. Be3 Qa5 8. 0-0 Nf6 9. b4 Qc7 10. f3 0-0 11. Rb1 Rfe8 12. Qd2 Rac8 13. Rfd1 Bc6 14. Nd4 Ba8 15. Nce2 d5 16. cxd6 exd6 17. c4 Qe7 18. Rbc1 Nd7 19. Nf4 Nb6 20. Nd5 Bxd5 21. cxd5 Nc4 22. Qe2 Nxe3 23. Qxe3 Qh4 24. Rxc8 Rxc8 25. Nc6 Re8 26. Qxa7 Qf4 27. Qxa6 f5 28. Qd3 fxe4 29. fxe4 Qg4 30. Qf3 Qh4 31. b5 Rxe4 32. b6 Re1+ 33. Rxe1 Qxe1+ 34. Qf1 Qe3+ 35. Kh1 Qxb6 36. a4 Qb3 37. a5 Kh8 38. Qe1 h6 39. a6 Qxd5 40. Ne7 Qa2 41. Qf1 Kh7 42. Nc6 Qa4 43. Ne7 Qa2 44. h3 d5 45. Qf7 Qa1+ 46. Kh2 Qe5+ 1/2-1/2

[Event "HUN-chT2 Charousek 1718"]
[Site "Hungary"]
[Date "2017.11.26"]
[Round "2.12"]
[White "Balogh, Eszter"]
[Black "Csiszar, Viktoria"]
[Result "0-1"]
[WhiteElo "1550"]
[BlackElo "1964"]
[PlyCount "50"]
[EventDate "2017.10.29"]
[EventType "team-tourn"]
[EventRounds "9"]
[EventCountry "HUN"]
[SourceTitle "EXT 2020"]
[Source "ChessBase"]
[SourceDate "2019.10.17"]
[SourceVersion "1"]
[SourceVersionDate "2019.10.17"]
[SourceQuality "1"]
[WhiteTeam "Aquaprofit Nagykanizsa II"]
[BlackTeam "Komlo Banyasz"]
[WhiteTeamCountry "HUN"]
[BlackTeamCountry "HUN"]

1. e4 d6 2. d4 Nd7 3. Nf3 g6 4. Nc3 Bg7 5. Be3 Ngf6 6. Bd3 0-0 7. 0-0 c5 8. h3 cxd4 9. Bxd4 a6 10. a3 b5 11. Ne2 Bb7 12. Ng3 Rc8 13. Re1 Nc5 14. Rc1 e5 15. Bc3 Na4 16. Qd2 Nxc3 17. bxc3 Qc7 18. Bf1 Rfd8 19. Re2 d5 20. exd5 Nxd5 21. Qe1 Nxc3 22. Rd2 Bh6 23. Rxd8+ Rxd8 24. Ra1 e4 25. Nh2 Bd2 0-1

[Event "HUN-chT2 Charousek 1516"]
[Site "Hungary"]
[Date "2016.04.17"]
[Round "9.7"]
[White "Bartha, Sandor"]
[Black "Csiszar, Viktoria"]
[Result "1-0"]
[WhiteElo "2065"]
[BlackElo "2038"]
[PlyCount "127"]
[EventDate "2015.10.18"]
[EventType "team-tourn"]
[EventRounds "9"]
[EventCountry "HUN"]
[SourceTitle "EXT 2017"]
[Source "ChessBase"]
[SourceDate "2016.10.25"]
[SourceVersion "1"]
[SourceVersionDate "2016.10.25"]
[SourceQuality "1"]
[WhiteTeam "Balatonfuered"]
[BlackTeam "Komlo"]
[WhiteTeamCountry "HUN"]
[BlackTeamCountry "HUN"]

1. c4 Nf6 2. g3 e5 3. Bg2 Be7 4. Nf3 d6 5. 0-0 0-0 6. Nc3 h6 7. d3 c6 8. Qc2 Be6 9. b3 Nbd7 10. Bb2 d5 11. Rad1 Rc8 12. h3 Qc7 13. Kh2 Rfe8 14. Nd2 d4 15. Ncb1 Nh5 16. Bf3 Nhf6 17. Rde1 c5 18. e3 Nf8 19. exd4 exd4 20. Ne4 Nxe4 21. Bxe4 h5 22. Bc1 h4 23. Bf4 Bd6 24. Bxd6 Qxd6 25. Bxb7 Rc7 26. Bg2 Rce7 27. Qd2 Ng6 28. Qg5 hxg3+ 29. fxg3 a5 30. Nd2 a4 31. Ne4 Qb8 32. Nxc5 axb3 33. axb3 Qb4 34. Nxe6 Rxe6 35. Rxe6 Rxe6 36. Qf5 Qe7 37. Qd5 Re2 38. Qxd4 Qc7 39. Qg4 Rd2 40. Qe4 Qd7 41. Rf3 Nf8 42. Qe3 Rd1 43. Qe2 Rb1 44. Qc2 Re1 45. Qd2 Qe7 46. Rf2 Rb1 47. Qc2 Re1 48. d4 Re3 49. d5 Qe5 50. Rf3 Re2 51. Qf5 Qb2 52. Qxf7+ Kh7 53. Qh5+ Kg8 54. Rxf8+ Kxf8 55. Qf3+ Kg8 56. d6 Rd2 57. Qc6 Qf6 58. c5 Qd4 59. h4 Kh8 60. Kh3 Re2 61. Qc8+ Kh7 62. Qf5+ Kh8 63. Qh5+ Kg8 64. Bd5+ 1-0

[Event "HUN-chT2 Charousek 1415"]
[Site "Hungary"]
[Date "2015.03.22"]
[Round "8"]
[White "Labancz, Janos"]
[Black "Csiszar, Viktoria"]
[Result "0-1"]
[WhiteElo "1711"]
[BlackElo "2015"]
[PlyCount "68"]
[EventDate "2014.10.12"]
[EventType "team-tourn"]
[EventRounds "9"]
[EventCountry "HUN"]
[SourceTitle "EXT 2016"]
[Source "ChessBase"]
[SourceDate "2015.10.08"]
[SourceVersion "1"]
[SourceVersionDate "2015.10.08"]
[SourceQuality "1"]
[WhiteTeam "Biatorbagy"]
[BlackTeam "Komlo"]
[WhiteTeamCountry "HUN"]
[BlackTeamCountry "HUN"]

1. d4 Nf6 2. c4 c5 3. e3 g6 4. Nf3 Bg7 5. Nc3 0-0 6. Be2 cxd4 7. exd4 d5 8. c5 Nc6 9. 0-0 Ne4 10. Be3 h6 11. a3 Kh7 12. Qc2 f5 13. Rad1 e6 14. g3 g5 15. Bb5 Bd7 16. Bxc6 bxc6 17. Ne5 Be8 18. f4 Bxe5 19. fxe5 Bh5 20. Rb1 Bg6 21. Nxe4 dxe4 22. Qc1 Bh5 23. b4 Rb8 24. Qc4 Qd7 25. a4 Rg8 26. Kf2 Rgf8 27. Ke1 Bf3 28. Kd2 f4 29. gxf4 gxf4 30. Bg1 Rg8 31. Kc3 Rg2 32. Rf2 Rbg8 33. Rxg2 Rxg2 34. Rf1 Be2 0-1

[Event "HUN-chT2 Charousek 1314"]
[Site "Hungary"]
[Date "2014.04.27"]
[Round "11"]
[White "Szijjarto, Laszlo"]
[Black "Csiszar, Viktoria"]
[Result "1-0"]
[WhiteElo "1955"]
[BlackElo "1999"]
[PlyCount "55"]
[EventDate "2013.09.08"]
[EventType "team-tourn"]
[EventRounds "11"]
[EventCountry "HUN"]
[SourceTitle "EXT 2016"]
[Source "ChessBase"]
[SourceDate "2015.10.08"]
[SourceVersion "1"]
[SourceVersionDate "2015.10.08"]
[SourceQuality "1"]
[WhiteTeam "Paks ASE II"]
[BlackTeam "Komlo Banyasz"]
[WhiteTeamCountry "HUN"]
[BlackTeamCountry "HUN"]

1. d4 Nf6 2. c4 c5 3. Nc3 cxd4 4. Qxd4 g6 5. Bg5 Bg7 6. Qd2 Nc6 7. e4 d6 8. Be2 Be6 9. h4 Ne5 10. b3 Nc6 11. Rc1 h6 12. Be3 Ng4 13. Bxg4 Bxg4 14. f3 Be6 15. Nge2 h5 16. Nd5 Bxd5 17. exd5 Ne5 18. Nd4 Rc8 19. 0-0 Qd7 20. Rce1 0-0 21. Bh6 Rfe8 22. Bxg7 Kxg7 23. f4 Ng4 24. f5 Ne5 25. fxg6 fxg6 26. Ne6+ Kh7 27. Rxe5 dxe5 28. Rf7+ 1-0

[Event "HUN-chT2 Charousek 1314"]
[Site "Hungary"]
[Date "2014.02.16"]
[Round "7"]
[White "Arvai, Eszter"]
[Black "Csiszar, Viktoria"]
[Result "1/2-1/2"]
[WhiteElo "1887"]
[BlackElo "1999"]
[PlyCount "154"]
[EventDate "2013.09.08"]
[EventType "team-tourn"]
[EventRounds "11"]
[EventCountry "HUN"]
[SourceTitle "EXT 2016"]
[Source "ChessBase"]
[SourceDate "2015.10.08"]
[SourceVersion "1"]
[SourceVersionDate "2015.10.08"]
[SourceQuality "1"]
[WhiteTeam "Tapolca"]
[BlackTeam "Komlo Banyasz"]
[WhiteTeamCountry "HUN"]
[BlackTeamCountry "HUN"]

1. e4 e5 2. Nf3 Nc6 3. d4 exd4 4. Bc4 Nf6 5. 0-0 Nxe4 6. Re1 d5 7. Bxd5 Qxd5 8. Nc3 Qa5 9. Nxe4 Be6 10. Bg5 Bb4 11. c3 dxc3 12. bxc3 Ba3 13. Qb1 Qa6 14. Bh4 h6 15. Qc2 Qc4 16. Rad1 Be7 17. Bxe7 Nxe7 18. Ne5 Qb5 19. f4 0-0 20. c4 Qb6+ 21. Kh1 Rad8 22. Ng3 Nc6 23. Qe4 Nxe5 24. Qxe5 Bxc4 25. f5 Qb5 26. Qxc7 Rxd1 27. Rxd1 Re8 28. Qf4 Bd5 29. Qd2 Bc6 30. h3 Qe5 31. Qf2 Qe3 32. Kg1 Qxf2+ 33. Kxf2 Re5 34. Rd8+ Re8 35. Rd2 f6 36. Ne2 Re5 37. g4 Ra5 38. Nf4 Ra3 39. Ne6 Rxh3 40. Rd8+ Kf7 41. Rf8+ Ke7 42. Rg8 Rh2+ 43. Ke3 Rxa2 44. Rxg7+ Kd6 45. Nd8 Ra3+ 46. Kd4 Ra4+ 47. Kc3 Bd5 48. Nxb7+ Bxb7 49. Rxb7 Rxg4 50. Rxa7 Ke5 51. Rh7 Rh4 52. Kd3 Rh3+ 53. Ke2 Kxf5 54. Kf2 Kf4 55. Kg2 Rh5 56. Rh8 Rg5+ 57. Kf2 h5 58. Rf8 f5 59. Ra8 Rg4 60. Rh8 h4 61. Rh5 Ke4 62. Rh8 f4 63. Re8+ Kf5 64. Rf8+ Ke5 65. Re8+ Kf5 66. Rf8+ Ke4 67. Re8+ Kd3 68. Rd8+ Kc2 69. Rc8+ Kd3 70. Rd8+ Ke4 71. Re8+ Kf5 72. Rf8+ Ke5 73. Re8+ Kf6 74. Kf3 Rg1 75. Kxf4 Kg7 76. Re7+ Kg6 77. Re6+ Kh7 1/2-1/2

[Event "HUN-chT2 Charousek 1314"]
[Site "Hungary"]
[Date "2014.02.02"]
[Round "6"]
[White "Csiszar, Viktoria"]
[Black "Nagy, Ferenc2"]
[Result "1-0"]
[WhiteElo "1999"]
[BlackElo "2017"]
[PlyCount "71"]
[EventDate "2013.09.08"]
[EventType "team-tourn"]
[EventRounds "11"]
[EventCountry "HUN"]
[SourceTitle "EXT 2016"]
[Source "ChessBase"]
[SourceDate "2015.10.08"]
[SourceVersion "1"]
[SourceVersionDate "2015.10.08"]
[SourceQuality "1"]
[WhiteTeam "Komlo Banyasz"]
[BlackTeam "Geniusz Tata"]
[WhiteTeamCountry "HUN"]
[BlackTeamCountry "HUN"]

1. e4 c6 2. d4 d5 3. e5 c5 4. Nf3 Bg4 5. Bb5+ Nc6 6. e6 Bxe6 7. Ne5 Rc8 8. 0-0 Qb6 9. c4 cxd4 10. a4 dxc4 11. Na3 a6 12. Naxc4 Qc5 13. b4 Qd5 14. Bxc6+ bxc6 15. Re1 Qd8 16. a5 Bxc4 17. Nxc4 e6 18. Bf4 Bxb4 19. Qa4 Bxe1 20. Nd6+ Kf8 21. Nxc8 Qxc8 22. Rxe1 Qd7 23. Qa3+ Ke8 24. Rb1 Ne7 25. Rb8+ Nc8 26. Bd6 h5 27. Qd3 Rh6 28. Qxa6 Kd8 29. Bc5 d3 30. Bb6+ Ke7 31. Rxc8 d2 32. Bd8+ Qxd8 33. Rxd8 Kxd8 34. Qd3+ Kc7 35. Qxd2 Rh8 36. h4 1-0